Ensayos sobre Lógica y conocimiento: 1901 - 1950
Guardado en:
| Autor principal: | |
|---|---|
| Formato: | Libro |
| Lenguaje: | español |
| Publicado: |
Madrid
Taurus
1966
|
| Colección: | Ensayos de Hoy
|
| Materias: | |
| Etiquetas: |
Agregar Etiqueta
Sin Etiquetas, Sea el primero en etiquetar este registro!
|
MARC
| LEADER | 00000nam a2200000 a 4500 | ||
|---|---|---|---|
| 001 | UCZ2549 | ||
| 003 | CL-VaPUC | ||
| 008 | 951005e19660000SP |||||||||||||||||spa|d | ||
| 082 | 0 | 4 | |a 160 |b RUS |2 21 |
| 100 | 0 | |a Russell, Bertrand |e author |9 323650 | |
| 245 | 1 | 0 | |a Ensayos sobre Lógica y conocimiento: 1901 - 1950 |
| 300 | |a 531 p | ||
| 942 | |c BK | ||
| 945 | |d 19951005 00:00:00 |a cmena | ||
| 260 | |a Madrid |b Taurus |c 1966 | ||
| 650 | 0 | |a Lógica |9 256849 | |
| 650 | 0 | |a Lógica matemática |9 262442 | |
| 650 | 0 | |a Positivismo |9 269460 | |
| 650 | 0 | |a Teoría del conocimiento |9 255038 | |
| 650 | 0 | |a Matemática |9 260235 | |
| 583 | |a last modification |c 19951005 00:00:00 |k Rodrigo Vera | ||
| 490 | 0 | |a Ensayos de Hoy | |
| 999 | |c 239124 |d 239122 | ||
| 952 | |0 0 |1 0 |4 0 |6 160_000000000000000_RUS_1966 |7 0 |8 A |9 249969 |a BIBEDU |b BIBEDU |d 2019-11-18 |i 1568035 |o 160 RUS 1966 |p 1568035 |r 2019-11-18 |w 2019-11-18 |y BK |k FIL | ||